LEADER 03365nam 22006495 450 001 9910523769503321 005 20251113195820.0 010 $a3-030-83696-7 024 7 $a10.1007/978-3-030-83696-2 035 $a(MiAaPQ)EBC6826431 035 $a(Au-PeEL)EBL6826431 035 $a(CKB)20133862700041 035 $a(OCoLC)1288633678 035 $a(PPN)259389994 035 $a(DE-He213)978-3-030-83696-2 035 $a(EXLCZ)9920133862700041 100 $a20211213d2022 u| 0 101 0 $aeng 135 $aurcnu|||||||| 181 $ctxt$2rdacontent 182 $cc$2rdamedia 183 $acr$2rdacarrier 200 10$aTissue Engineering $eA Primer with Laboratory Demonstrations /$fby Jeong-Yeol Yoon 205 $a1st ed. 2022. 210 1$aCham :$cSpringer International Publishing :$cImprint: Springer,$d2022. 215 $a1 online resource (274 pages) 225 1 $aEngineering Series 311 08$a3-030-83695-9 327 $aChapter 1. Introduction -- Chapter 2. Cell Culture -- Chapter 3. Cell Metabolism -- Chapter 4. Cell Imaging -- Chapter 5. Stem Cells -- Chapter 6. Biomaterial Surfaces -- Chapter 7. Focal Adhesion -- Chapter 8. Contact Guidance and Cell Patterning -- Chapter 9. 3D Scaffold Fabrication -- Chapter 10. Design of In Vitro Culture and Bioreactor -- Chapter 11. Organ-on-a-Chip -- Chapter 12. Tissue-Engineered Skin Transplant -- Chapter 13. Vascularization of Tissue Transplants -- Chapter 14. Advances Topics. 330 $aTissue Engineering: A Primer with Laboratory Demonstrations concisely covers the fundamental basics of tissue engineering. A series of simple, low-cost, and easy-to-implement laboratory modules are included in each chapter, along with experimental results with actual images and data, and a set of questions and discussion topics for each laboratory exercise. The textbook is appropriate for upper-undergraduate and graduate-level courses in cell and tissue engineering. The inclusion of images and data for all laboratory exercises also makes the book a valuable tool for scientists and engineers to learn the concepts in a hands-on and visual manner and lay a foundation to build their experiments towards their research and commercial development. Concisely covers the most up-to-date aspects of tissue engineering; Provides step-by-step learning of all necessary concepts; Includes simple, low-cost, and easy-to-implement laboratory exercises. 410 0$aEngineering Series 606 $aBiomedical engineering 606 $aRegenerative medicine 606 $aCytology 606 $aBiotechnology 606 $aBiomedical Engineering and Bioengineering 606 $aRegenerative Medicine and Tissue Engineering 606 $aCell Biology 606 $aBiotechnology 615 0$aBiomedical engineering. 615 0$aRegenerative medicine. 615 0$aCytology. 615 0$aBiotechnology. 615 14$aBiomedical Engineering and Bioengineering. 615 24$aRegenerative Medicine and Tissue Engineering. 615 24$aCell Biology. 615 24$aBiotechnology. 676 $a610.28 676 $a612.028 700 $aYoon$b Jeong-Yeol$f1970-$0329174 801 0$bMiAaPQ 801 1$bMiAaPQ 801 2$bMiAaPQ 906 $aBOOK 912 $a9910523769503321 996 $aTissue engineering$92907877 997 $aUNINA